00684nam a2200169 a 450000100100000000500170001000800410002704000250006808200160009310000350010924500960014426000550024030000200029504900090031595201730032499900170049700003365220200930070421.0110905s1944 dr 000 0 spa d aDO-SdBNPbspacBNPHU axxxxbA516c1 aAmiama Tio, Fernando A.93100510aContribución a la bibliografía de Gastón Fernando Deligne. /cFernando A. Amiama Tio. aSanto Domingo :10 :bLuis Sancez Andújar,c1944. a28 p. ;c24 cm. aBNPD 00107-18PDaPDbPDcOId2011-09-05iLF1l0oxxxx A516cp33652-10r2020-06-25w2020-06-25yLFPDzPerteneció a la biblioteca personal de Martínez BoogZNo se presta c33143d33143